[Event "La Fere op 11th"]
[Site "La Fere"]
[Date "2012.07.14"]
[Round "9"]
[White "Dumas, Victor"]
[Black "Brobecker, Alain"]
[Result "1-0"]
[WhiteElo "2064"]
[BlackElo "1793"]
[PlyCount "29"]
[EventDate "2012.07.07"]
[EventType "swiss"]
[EventRounds "9"]
[EventCountry "FRA"]
[SourceTitle "CBM 149 Extra"]
[Source "ChessBase"]
[SourceDate "2012.08.24"]
[SourceVersion "1"]
[SourceVersionDate "2012.08.24"]
[SourceQuality "1"]

1. e4 d5 2. exd5 Nf6 3. d4 Nxd5 4. c4 Nb6 5. Nc3 e5 6. d5 Bf5 7. Nf3 N8d7 8. Be3 Bd6 9. Be2 Bg6 10. 0-0 e4 11. Nd4 Ne5 12. b3 h5 13. f3 Qh4 14. Bf2 Nxf3+ 15. Nxf3 1-0

[Event "La Fere op 11th"]
[Site "La Fere"]
[Date "2012.07.09"]
[Round "3"]
[White "Brobecker, Alain"]
[Black "Paris, Pierre Julien"]
[Result "1-0"]
[WhiteElo "1793"]
[BlackElo "1592"]
[PlyCount "105"]
[EventDate "2012.07.07"]
[EventType "swiss"]
[EventRounds "9"]
[EventCountry "FRA"]
[SourceTitle "CBM 149 Extra"]
[Source "ChessBase"]
[SourceDate "2012.08.24"]
[SourceVersion "1"]
[SourceVersionDate "2012.08.24"]
[SourceQuality "1"]

1. c4 c5 2. g3 Nc6 3. Bg2 Nf6 4. Nc3 e6 5. d3 a6 6. Nf3 d6 7. 0-0 Rb8 8. Bf4 Be7 9. Rb1 0-0 10. a3 b5 11. Nd2 Bd7 12. Nde4 Be8 13. Nxf6+ Bxf6 14. Ne4 Be5 15. Bxe5 Nxe5 16. b3 f5 17. Nd2 g5 18. f4 Ng4 19. Rf3 gxf4 20. gxf4 Qh4 21. Bh3 Bc6 22. Rg3 Kh8 23. Bxg4 fxg4 24. e3 Rf6 25. Qxg4 Qxg4 26. Rxg4 Rg8 27. Rxg8+ Kxg8 28. Kf2 e5 29. Rg1+ Kf7 30. Rg4 h5 31. Rh4 Rg6 32. Ne4 Bxe4 33. dxe4 bxc4 34. bxc4 Rh6 35. Rh3 Rh8 36. Kg3 Kg6 37. Kh4 Kh6 38. f5 Rb8 39. Rg3 Rb2 40. Rg6+ Kh7 41. h3 Rb3 42. Rxd6 Rxa3 43. Kxh5 Rxe3 44. Rd7+ Kg8 45. Kg6 Rg3+ 46. Kf6 Rxh3 47. Kxe5 Rh4 48. Ra7 Rh6 49. f6 Rh5+ 50. Ke6 Rh6 51. e5 Rh1 52. Rxa6 Rh2 53. Ra8+ 1-0

[Event "La Fere op 7th"]
[Site "La Fere"]
[Date "2008.07.11"]
[Round "8"]
[White "Brobecker, Alain"]
[Black "Haast, Anne"]
[Result "0-1"]
[WhiteElo "1758"]
[BlackElo "2041"]
[PlyCount "54"]
[EventDate "2008.07.05"]
[EventType "swiss"]
[EventRounds "9"]
[EventCountry "FRA"]
[SourceTitle "CBM 125 Extra"]
[Source "ChessBase"]
[SourceDate "2008.09.01"]
[SourceVersion "1"]
[SourceVersionDate "2008.09.01"]
[SourceQuality "1"]

1. g3 e5 2. d3 d5 3. Nf3 Nc6 4. Bg2 Nf6 5. c4 dxc4 6. Qa4 Bd7 7. Qxc4 Bd6 8. Bd2 0-0 9. 0-0 h6 10. a3 Be6 11. Qc2 Qd7 12. b4 Bh3 13. Nc3 Bxg2 14. Kxg2 Rae8 15. Be3 Ng4 16. Qd2 f5 17. b5 Ne7 18. a4 b6 19. Rac1 Kh8 20. h3 Nf6 21. Nh2 f4 22. gxf4 Ng6 23. fxe5 Nh4+ 24. Kg3 Nh5+ 25. Kxh4 Be7+ 26. Kxh5 Qxh3+ 27. Kg6 Qf5# 0-1

[Event "La Fere op 7th"]
[Site "La Fere"]
[Date "2008.07.08"]
[Round "5"]
[White "Brelot, Loic"]
[Black "Brobecker, Alain"]
[Result "1/2-1/2"]
[WhiteElo "1848"]
[BlackElo "1758"]
[PlyCount "89"]
[EventDate "2008.07.05"]
[EventType "swiss"]
[EventRounds "9"]
[EventCountry "FRA"]
[SourceTitle "CBM 125 Extra"]
[Source "ChessBase"]
[SourceDate "2008.09.01"]
[SourceVersion "1"]
[SourceVersionDate "2008.09.01"]
[SourceQuality "1"]

1. d4 d6 2. Nf3 g6 3. e4 Nf6 4. Bd3 Bg7 5. 0-0 0-0 6. c3 Nc6 7. Bg5 e5 8. dxe5 Nxe5 9. Nxe5 dxe5 10. Qc2 Be6 11. Nd2 h6 12. Bh4 g5 13. Bg3 Nh5 14. Bc4 Qf6 15. Qb3 Bxc4 16. Nxc4 Nxg3 17. hxg3 Qc6 18. Rfe1 Rad8 19. Qb4 Rd3 20. Ne3 Rfd8 21. Nd5 Bf8 22. Qb3 Rd2 23. Re3 Kg7 24. Rf3 b6 25. Kf1 Qc5 26. Ke1 R8xd5 27. exd5 Qxd5 28. Qxd5 Rxd5 29. Rd1 Rxd1+ 30. Kxd1 f6 31. Rd3 Bd6 32. c4 Kf7 33. g4 Ke6 34. Rh3 Bf8 35. Ke2 Kf7 36. Kf3 Ke6 37. Ke4 a6 38. a3 a5 39. Rd3 Bc5 40. f3 Be7 41. Rd1 Bd6 42. Kd3 f5 43. gxf5+ Kxf5 44. Ke2 h5 45. Rh1 1/2-1/2